10 to 1 Grab Bag Europe Quiz Stats

Quiz Updated Jul 11, 2016

Challenge
Share
Tweet
Embed
Score 0/55 Timer 10:00
8 Plays Today
Hint Answer % Correct
4 Countries of the United KingdomScotland
95.2%
4 Countries of the United KingdomWales
95%
4 Countries of the United KingdomEngland
94.8%
6 Most Populous German CitiesBerlin
94.8%
3 Official Languages of BelgiumFrench
93.9%
3 Official Languages of BelgiumGerman
93.6%
10 Least Populous CountriesVatican City
92.1%
4 Countries of the United KingdomNorthern Ireland
91.5%
9 Baltic Sea CountriesLatvia
88.6%
9 Baltic Sea CountriesFinland
88.4%
9 Baltic Sea CountriesSweden
88.3%
9 Baltic Sea CountriesRussia
88%
9 Baltic Sea CountriesEstonia
87.8%
9 Baltic Sea CountriesLithuania
86.9%
9 Baltic Sea CountriesDenmark
86.1%
7 Countries of Former YugoslaviaSerbia
85.1%
7 Countries of Former YugoslaviaCroatia
84.2%
6 Most Populous German CitiesMunich
82.5%
10 Least Populous CountriesAndorra
82.4%
10 Least Populous CountriesMonaco
82.2%
9 Baltic Sea CountriesPoland
82%
10 Least Populous CountriesLuxembourg
81.3%
7 Countries of Former YugoslaviaSlovenia
80.9%
7 Countries of Former YugoslaviaBosnia and Herzegovina
80.2%
10 Least Populous CountriesMontenegro
79.4%
10 Least Populous CountriesLiechtenstein
78.9%
7 Countries of Former YugoslaviaMontenegro
78.9%
10 Least Populous CountriesSan Marino
78.4%
Hint Answer % Correct
7 Countries of Former YugoslaviaMacedonia
77.7%
7 Countries of Former YugoslaviaKosovo
77.5%
9 Baltic Sea CountriesGermany
75.8%
3 Official Languages of BelgiumDutch
72.9%
10 Least Populous CountriesMalta
72.7%
5 Capitals that Start with 'V'Vienna
70.8%
6 Most Populous German CitiesHamburg
69.7%
10 Least Populous CountriesIceland
66.8%
10 Least Populous CountriesCyprus
64.6%
6 Most Populous German CitiesFrankfurt am Main
63.8%
8 Eight Letter CapitalsHelsinki
57%
5 Capitals that Start with 'V'Vilnius
56.5%
8 Eight Letter CapitalsBudapest
52.6%
5 Capitals that Start with 'V'Vatican City
51.4%
5 Capitals that Start with 'V'Vaduz
51.1%
1 Longest European RiverVolga
50.7%
6 Most Populous German CitiesCologne
48.8%
8 Eight Letter CapitalsBrussels
48.3%
5 Capitals that Start with 'V'Valletta
46.9%
8 Eight Letter CapitalsValletta
46.5%
2 Ancient Wonders in GreeceColossus of Rhodes
38.6%
8 Eight Letter CapitalsSarajevo
37.6%
8 Eight Letter CapitalsBelgrade
37.2%
6 Most Populous German CitiesStuttgart
34.5%
8 Eight Letter CapitalsChisinau
29.1%
8 Eight Letter CapitalsPristina
27.1%
2 Ancient Wonders in GreeceStatue of Zeus in Olympia
26.5%

You're not logged in!

Compare scores with friends on all Sporcle quizzes.
Sign Up with Email
OR
Log In

You Might Also Like...

Show Comments

Extras

Top Quizzes Today


Score Distribution

Your Account Isn't Verified!

In order to create a playlist on Sporcle, you need to verify the email address you used during registration. Go to your Sporcle Settings to finish the process.